Spiking Neural Network Connectivity and its Potential for Temporal Sensory Processing and Variable Binding (Record no. 30953)

MARC details
000 -LEADER
fixed length control field 00649nam a2200133Ia 4500
008 - FIXED-LENGTH DATA ELEMENTS--GENERAL INFORMATION
fixed length control field 220620s9999||||xx |||||||||||||| ||und||
022 ## - INTERNATIONAL STANDARD SERIAL NUMBER
International Standard Serial Number 16648714
100 ## - MAIN ENTRY--PERSONAL NAME
Personal name Cornelius Glackin||Julie Wall
245 #0 - TITLE STATEMENT
Title Spiking Neural Network Connectivity and its Potential for Temporal Sensory Processing and Variable Binding
546 ## - LANGUAGE NOTE
Language note English[eng]
650 ## - SUBJECT ADDED ENTRY--TOPICAL TERM
Topical term or geographic name entry element Learning||cell assembly||sensory processing||spike timing||connectivity||biological neurons||Spiking Neural network
856 ## - ELECTRONIC LOCATION AND ACCESS
Uniform Resource Identifier <a href="http://journal.frontiersin.org/researchtopic/1072/spiking-neural-network-connectivity-and-its-potential-for-temporal-sensory-processing-and-variable-b">http://journal.frontiersin.org/researchtopic/1072/spiking-neural-network-connectivity-and-its-potential-for-temporal-sensory-processing-and-variable-b</a>
942 ## - ADDED ENTRY ELEMENTS (KOHA)
Koha item type E-Books
Holdings
Withdrawn status Lost status Damaged status Not for loan Home library Current library Date acquired Total Checkouts Date last seen Price effective from Koha item type
        Kerala University of Digital Sciences, Innovation and Technology Knowledge Centre Kerala University of Digital Sciences, Innovation and Technology Knowledge Centre 20/06/2022   20/06/2022 20/06/2022 E-Books